00589cam a22002177a 4500003000500000005001700005008004100022010001000063011001000073035001000083040000900093082002100102100002700123245006300150250001000213260005100223300001100274490003200285650002200317830003200339CHAP20220329135113.0971013s1979 r 00010 d a30979 a31951 a36063 cCHAP a634.97bL58 197900aLittle, Elbert L., Jr. 0aChecklist of United States treesb: native and naturalized a2 ed. aWashington :bDepartment of Agriculture,c1979 a375 p. 0aAgriculture handbookv; 54114aÁrbolesxE.U.A.0 aAgriculture handbookv; 541